Mega Man 5 Quiz - Statistics

General Stats
  • This quiz has been taken 10 times
  • The average score is 24 of 28
Answer Stats
Answer % Correct
Charge Kick
100%
Charge Man
100%
Crystal Eye
100%
Crystal Man
100%
Gravity Hold
100%
Gravity Man
100%
Gyro Man
100%
Napalm Man
100%
Power Stone
100%
Star Man
100%
Stone Man
100%
Water Wave
100%
Wave Man
100%
Gyro Attack
88%
Napalm Bomb
88%
Rush Coil
88%
Rush Jet
88%
Star Crash
88%
Wily Machine 5
88%
Beat
75%
Dark Man 1
75%
Dark Man 2
75%
Dark Man 3
75%
Dark Man 4
75%
Super Arrow
75%
Big Pets
50%
Wily Press
50%
Circring Q9
25%
No matching quizzes found
Score Distribution
Percent of People with Each Score
Percentile by Number Answered
Your Score History
You have not taken this quiz